Evolution of Transport Systems Past and Future

Na minha lista:
Detalhes bibliográficos
Autor principal: Grübler, Arnulf
Outros Autores: Nakicenovič, Nebojša
Formato: Livro
Idioma:inglês
Publicado em: Laxenburg International Institute for Applied Systems Analysis 1991
Edição:1. ed.
Tags: Adicionar Tag
Sem tags, seja o primeiro a adicionar uma tag!

MARC

LEADER 00000nam a2200000 4500
001 c029376
005 20250509073550.8
041 0 |a eng 
044 |a AT 
245 1 0 |a Evolution of Transport Systems  |b Past and Future  |c Arnulf Grübler, Nebojša Nakicenovič 
250 |a 1. ed. 
264 1 |a Laxenburg  |b International Institute for Applied Systems Analysis  |c 1991 
300 |a 97 s. 
100 1 |a Grübler, Arnulf 
700 1 |a Nakicenovič, Nebojša